000 00607nam a2200205Ia 4500
005 20230424125311.0
008 131103s9999 xx 000 0 und d
040 _aLoreto College
041 _aEnglish
082 _a823.6
_bBUR-HEM
245 4 _aThe journals and letters of Fanny Burney
_cEdited by Joyce Hemlow & Althea Douglas
260 _aOxford
_bClaredon Press
_c1972
300 _aV.2
_b ill.
504 _aIncludes index
650 _aBurney, Fanny - letters
651 _aEnglish literature - criticism
700 _aHemlow, Joyce & Douglas, Althea ; ed.
850 _aLCLIB
942 _cBK
999 _c22264
_d72743